Detalles MARC
| 000 -LIDER |
| fixed length control field |
01006nam a2200337 b 4500 |
| 001 - NÚMERO DE CONTROL |
| Identificador de número de control |
001017829 |
| 003 - IDENTIFICACDOR DE NÚMERO DE CONTROL |
| control field |
DO-SdBPM |
| 005 - DATE AND TIME OF LATEST TRANSACTION |
| control field |
20250707133242.0 |
| 007 - CAMPOS FIJOS DE DESCRIPCIÓN FÍSICA |
| fixed length control field |
ta |
| 008 - ELEMENTOS DE LONGITUD FIJA |
| fixed length control field |
981016s1998 sp | ||| ||spa |
| 017 ## - NÚMERO DE REGISTRO DE DERECHOS DE AUTOR |
| Copyright or legal deposit number |
|
| Assigning agency |
|
| 020 ## - ISBN |
| International Standard Book Number |
8440670745 |
| 040 ## - FUENTE DE CATALOGACIÓN |
| Agencia que crea de manera original el registro |
DO-SdBPM |
| Idioma de catalogación |
spa |
| Agencia que realiza la transcripción |
BPMSU |
| Convenciones de la despripción |
rda |
| 082 #4 - NÚMERO DE CLASIFICACIÓN DECIMAL DE DEWEY |
| Classification number |
129 |
| Item number |
W429L 1998 |
| Edition number |
22 |
| 100 1# - ASIENTO PRINCIPAL -- NOMBRE PERSONAL |
| Nombre personal |
Weiss, Brian L. |
| Fechas asociadas con el nombre |
1944- |
| Mención de responsabilidad |
autor |
| 240 10 - TITULO UNIFORME |
| Título uniforme |
Only love is real |
| Idioma de una obra |
Español |
| 245 10 - MENCIÓN DE TITULO |
| Título |
Lazos de amor / |
| Mención de responsabilidad |
Brian Weiss ; traducción, Elena Vilallonga |
| Medio (Designación general de material) |
|
| 250 ## - MENCIÓN DE EDICION |
| Mención de edición |
|
| 264 ## - PRODUCTION, PUBLICATION, DISTRIBUTION, MANUFACTURE, AND COPYRIGHT NOTICE |
| Place of production, publication, distribution, manufacture |
Barcelona : |
| Name of producer, publisher, distributor, manufacturer |
Ediciones B |
| Date of production, publication, distribution, manufacture, or copyright notice |
1998 |
| 300 ## - DESCRIPCIÓN FÍSICA |
| Extensión |
261 páginas .: |
| Dimensiones |
20 cm |
| 336 ## - CONTENT TYPE |
| Content type term |
texto |
| Content type code |
txt |
| Source |
rdacontent |
| 337 ## - MEDIA TYPE |
| Media type term |
sin mediación |
| Media type code |
n |
| Source |
rdamedia |
| 338 ## - CARRIER TYPE |
| Carrier type term |
volumen |
| Carrier type code |
nc |
| Source |
rdacarrier |
| 534 ## - NOTA SOBRE LA VERSIÓN ORIGINAL |
| Frase introductoria |
Título original. |
| Mención del título original |
Only love is real. |
| 590 ## - NOTA LOCAL |
| Texto de la nota local |
Inventariado, 2025/VM |
| 650 #7 - ENCABEZAMIENTO DE MATERIA--TEMÁTICO |
| Término temático o nombre geográfico como elemento de entrada |
Reencarnación |
| Fuente del encabezamiento o término |
|
| 650 #7 - ENCABEZAMIENTO DE MATERIA--TEMÁTICO |
| Término temático o nombre geográfico como elemento de entrada |
Reencarnación |
| Subdivisión de forma |
Estudio de casos. |
| 650 #7 - ENCABEZAMIENTO DE MATERIA--TEMÁTICO |
| Término temático o nombre geográfico como elemento de entrada |
Vida futura. |
| 910 ## - VALIDACIÓN |
| Validación |
VMateo V. Control de calidad. BPMSU |
| 942 ## - ADDED ENTRY ELEMENTS (KOHA) |
| Source of classification or shelving scheme |
Dewey Decimal Classification |
| Koha item type |
Libros |